[Event "Emilia Romagna-ch"]
[Site "Piacenza"]
[Date "2024.05.10"]
[Round "1"]
[White "Rotolante, Luca"]
[Black "Bergonzi, Andrea"]
[Result "1-0"]
[WhiteElo "2002"]
[BlackElo "1595"]
[PlyCount "99"]
[EventDate "2024.05.10"]
[EventType "swiss"]
[EventRounds "6"]
[EventCountry "ITA"]
[SourceTitle "CB21_2024"]
[SourceDate "2024.05.22"]
[SourceVersion "1"]
[SourceVersionDate "2024.05.22"]
[SourceQuality "1"]

1. a3 Nf6 2. c4 e5 3. Nc3 a5 4. Nf3 Nc6 5. e3 g6 6. Be2 Bg7 7. 0-0 0-0 8. b3 d6 9. Bb2 Re8 10. Ne1 Qe7 11. Nc2 Bd7 12. b4 axb4 13. axb4 Rxa1 14. Qxa1 Bf5 15. d3 Bc8 16. Bf3 Bg4 17. Bxg4 Nxg4 18. Nd5 Qd8 19. h3 Nf6 20. e4 Ne7 21. Nxf6+ Bxf6 22. f4 Qa8 23. fxe5 Qxa1 24. Rxa1 dxe5 25. Kf2 b6 26. Ra7 Rc8 27. b5 Kf8 28. Ne3 Ke8 29. Ng4 Bg7 30. Bxe5 Bxe5 31. Nxe5 f6 32. Nf3 g5 33. Ke3 Ng6 34. g3 Kd7 35. d4 Kd6 36. Ra6 Rb8 37. Kd3 h6 38. c5+ Kd7 39. Kc4 Ne7 40. d5 f5 41. e5 f4 42. e6+ Ke8 43. gxf4 gxf4 44. d6 cxd6 45. cxd6 Nf5 46. Kd5 Ne3+ 47. Kd4 Nf5+ 48. Ke5 Ng7 49. Ra7 Nh5 50. Rh7 1-0

[Event "Anti Cheating Blitz Cup"]
[Site "Chess.com INT"]
[Date "2020.05.20"]
[Round "3"]
[White "Rotolante, Luca"]
[Black "Guseinov, Gadir"]
[Result "0-1"]
[WhiteElo "2010"]
[BlackElo "2665"]
[PlyCount "70"]
[EventDate "2020.05.20"]
[EventType "swiss (blitz)"]
[EventRounds "11"]
[EventCountry "USA"]
[SourceTitle "CBM 196 Extra"]
[Source "ChessBase"]
[SourceDate "2020.07.31"]
[SourceVersion "1"]
[SourceVersionDate "2020.07.31"]
[SourceQuality "1"]

1. e4 c5 2. Nf3 g6 3. c3 d5 4. e5 Nc6 5. d4 cxd4 6. cxd4 Bg4 7. Be2 Nh6 8. Nc3 Nf5 9. Be3 Bxf3 10. Bxf3 e6 11. Qd2 Bg7 12. 0-0 0-0 13. g3 f6 14. exf6 Qxf6 15. Bg4 Nfxd4 16. Bg5 Nf3+ 17. Bxf3 Qxf3 18. Qe2 Nd4 19. Qe3 Qh5 20. h4 h6 21. Bf4 e5 22. Bxe5 Bxe5 23. Nxd5 Rf3 24. Qe4 Raf8 25. Rae1 Bg7 26. Ne7+ Kh7 27. Qxb7 R3f7 28. Qe4 Nf3+ 29. Kg2 Nxe1+ 30. Rxe1 Rxf2+ 31. Kh3 R2f6 32. Re2 Qc5 33. Nd5 Rf2 34. Nf4 Qc8+ 35. g4 R8xf4 0-1

[Event "Porto San Giorgio op"]
[Site "Porto San Giorgio"]
[Date "2017.08.31"]
[Round "9"]
[White "Rotolante, Luca"]
[Black "Calabrese, Claudio"]
[Result "0-1"]
[WhiteElo "2018"]
[BlackElo "2029"]
[PlyCount "100"]
[EventDate "2017.08.23"]
[EventType "swiss"]
[EventRounds "9"]
[EventCountry "ITA"]
[SourceTitle "CBM 180 Extra"]
[Source "ChessBase"]
[SourceDate "2017.10.06"]
[SourceVersion "1"]
[SourceVersionDate "2017.10.06"]
[SourceQuality "1"]

1. e4 e6 2. d4 d5 3. Nd2 dxe4 4. Nxe4 Nd7 5. Nf3 Ngf6 6. Nxf6+ Nxf6 7. Bd3 c5 8. Be3 Qc7 9. Qe2 Bd7 10. Ne5 cxd4 11. Bxd4 Bc5 12. Bc3 Nd5 13. g3 Nxc3 14. bxc3 Bd6 15. Nc4 Be7 16. 0-0 Bf6 17. Rab1 Bc6 18. Qh5 b6 19. Rfe1 0-0-0 20. Na5 Rxd3 21. Nxc6 Rd5 22. Nxa7+ Qxa7 23. Qf3 Rhd8 24. Rb3 R8d6 25. Reb1 Rc5 26. Qe3 Qc7 27. Qe4 Rxc3 28. Rxc3 Bxc3 29. Qxh7 Qd8 30. Qh5 Qd7 31. Qf3 Bd4 32. Qa8+ Kc7 33. Rb3 Bc5 34. Rf3 f6 35. Qa6 Rd1+ 36. Kg2 Qd5 37. Qa7+ Qb7 38. Qa4 e5 39. Qg4 Kd6 40. Kh3 Qd7 41. Rf5 Rd4 42. Qh5 Qb5 43. Kg2 Qc6+ 44. f3 Rd1 45. Qh8 Rd2+ 46. Kh3 Qd7 47. g4 Bg1 48. Qf8+ Kc7 49. Qa8 Qc6 50. Qf8 Qxc2 0-1